000 00781nam a2200289Ia 4500
001 9539
005 20240113234214.0
007 ta
008 050726s1993 a g b000 u asm u
040 _aCotton College,Assam
041 _aasm
082 _a891.41308
_bDu 23 Pr
100 _aDutta, Birendra Nath .
245 0 _aPrithivir Lok-Kahani (1) /
_cBirendra Nath Dutta.
_hTextual Documents
250 _a1st ed. /
260 _aJorhat :
_bAsam Sahitya Sabha ,
_c1993.
300 _a105p. :
_bill. ;
_c21cm. .
653 _aAssamese Short Stories
653 _aAssamese Folk Literature
653 _aAssamese Fiction
653 _aMS-Assamese
653 _aG-Assamese
942 _2ddc
_cBK
999 _c9526
_d9526